| 000 | 00466nam a22001817a 4500 | ||
|---|---|---|---|
| 001 | 196418 | ||
| 003 | 0 | ||
| 005 | 20260525114430.0 | ||
| 008 | 260525b |||||||| |||| 00| 0 POR d | ||
| 020 | _a9788562525681 | ||
| 040 | _cAnglo Leonardo da Vinci | ||
| 100 |
_aDoyle, Arthur Conan _bD754 _92292 |
||
| 245 | _aA casa vazia | ||
| 260 |
_aSão Paulo _bFarol Literário _c2011 |
||
| 300 | _a48 p. | ||
| 650 | 0 |
_aHistória em quadrinhos _92221 |
|
| 942 |
_2ddc _cBK _n0 |
||
| 999 |
_c196418 _d196418 |
||